Normal view MARC view

Entry Personal Name

Number of records used in: 1

001 - CONTROL NUMBER

  • control field: 942373

003 - CONTROL NUMBER IDENTIFIER

  • control field: OSt

005 - DATE AND TIME OF LATEST TRANSACTION

  • control field: 20260121110127.0

008 - FIXED-LENGTH DATA ELEMENTS

  • fixed length control field: 260121|| aca||aabn | a|a d

040 ## - CATALOGING SOURCE

  • Original cataloging agency: OSt
  • Transcribing agency: OSt

100 ## - HEADING--PERSONAL NAME

  • Personal name: आस्तिक चौहान / Aastik Chauhan

670 ## - SOURCE DATA FOUND

  • Source citation: Work cat.: (OSt)1534038: आस्तिक चौहान / Aastik Chauhan , 365 विभिन्न अंतर्राष्ट्रीय व्यंजन / 365 vibhinn antarraashtreey vyanjan, 2022
Copyright @ Delhi University Library System